Terraria Quiz - Statistics

General Stats
  • This quiz has been taken 582 times
  • The average score is 10 of 15
Answer Stats
Question Answer % Correct
What does the Dungeon Guardian drop? Skeleton Key
90%
What are the 2 earliest hardmode ores Cobalt and Palladium
88%
What is the "rarest" NPC? Santa
85%
What is the earliest chainsaw you can get? Sawtooth Shark
84%
Why is there a chance to get "The Axe" from the Plantera boss fight? It's a reference to the band "Pantera"
83%
What is the highest fishing percentage on a fishing rod? Golden Rod 50%
76%
What is a guaranteed drop with the moon lord? Portal Gun
76%
What is the best wood armor? Pearlwood
72%
What is a Magic item that can be fished up? Crystal Serpent
69%
What can the Magic Missile turn into? Sky Fracture
68%
True or False: The Hellstone Pickaxe is the only pickaxe with 100% Mining Power False
55%
What is one of the first guns you get? Flare Gun
55%
True or False: At any given night, you can have a boss spawn randomly True
54%
What bosses were mobile only? Ocram, Turkor, and Lepus
49%
What biomes don't have a fishing crate for them? (as of May 2019) Tundra and the Beach
7%
No matching quizzes found
Score Distribution
Percent of People with Each Score
Percentile by Number Answered
Your Score History
You have not taken this quiz